<?xml version="1.0" encoding="UTF-8"?>
<marc:record xmlns:marc="http://www.loc.gov/MARC21/slim">
   <marc:leader>00000nam a2200000 a 4500</marc:leader>
   <marc:datafield ind1="1" ind2=" " tag="100">
      <marc:subfield code="a">Huwald, Heike</marc:subfield>
      <marc:subfield code="4">aut</marc:subfield>
      <marc:subfield code="e">Verfasser/-in</marc:subfield>
   </marc:datafield>
   <marc:datafield ind1="0" ind2="0" tag="245">
      <marc:subfield code="a">Geheimnisvolle Welt der Dinosaurier</marc:subfield>
   </marc:datafield>
   <marc:datafield ind1="0" ind2="0" tag="245">
      <marc:subfield code="b">faszinierend, gigantisch, vielfältig</marc:subfield>
   </marc:datafield>
   <marc:datafield ind1=" " ind2="1" tag="264">
      <marc:subfield code="b">Compact Kids</marc:subfield>
      <marc:subfield code="c">2022</marc:subfield>
   </marc:datafield>
   <marc:datafield ind1="1" ind2=" " tag="520">
      <marc:subfield code="a">Zu welcher Zeit haben die Dinosaurier gelebt? Welcher von ihnen war der Schlaueste? Warum gibt es keine Dinosaurier mehr und wann genau sind sie von unserem Planeten verschwunden? Begeistert sich Ihr Kind für die Urzeitriesen wie Tyrannosaurus Rex, Triceratops &amp; Co., die Urzeit und für alles rund um das Thema Dinosaurier? (Quelle: Verlagstext)</marc:subfield>
   </marc:datafield>
   <marc:datafield ind1=" " ind2=" " tag="020">
      <marc:subfield code="a">9783817418954</marc:subfield>
      <marc:subfield code="9">9783817418954</marc:subfield>
   </marc:datafield>
</marc:record>
